003810000a22001210004500090001700000245006600017041001400083700003800097100003400135942001300169773006000182999001700242 aASbSeriadas10aDos nuevas especies de plantas del río Apaporis en Colombia0 aEspañol1 aGarcía Barriga, Hernando9121701 aSchultes, Richard Evans93656 cARTICULO1 tMutisia: Acta Botánica Colombiana3893h12q1-8d1952 c15314d15314